000
00397nam a2200133Ia 4500
008
100328s9999 xx 000 0 und d
082
_b
69720
100
_a
अभ्यंकर कुसुम.
245
_a
त्यागमूर्ती.
260
_b
शशिदीप.
630
_a
त्यागमूर्ती.
730
_a
त्यागमूर्ती.
942
_c
BOOK
999
_c
555450
_d
555447